Balances (Registro nro. 3595)

Detalles MARC
000 -LEADER
fixed length control field 01346 a2200241 4500
001 - CONTROL NUMBER
control field 42308
005 - DATE AND TIME OF LATEST TRANSACTION
control field 20260407155712.0
008 - FIXED-LENGTH DATA ELEMENTS--GENERAL INFORMATION
fixed length control field 260407a2015 arg spa d
003 - CONTROL NUMBER IDENTIFIER
control field AR-UNSa-BCEJYS
040 ## - CATALOGING SOURCE
Original cataloging agency AR-UNSa-BCEJYS
Language of cataloging spa
Transcribing agency AR-UNSa-BCEJYS
080 ## - UNIVERSAL DECIMAL CLASSIFICATION NUMBER
Universal Decimal Classification number 657.36
Common auxiliary subdivision Balances de comprobación (balance estimativo). Balances de saldo. Balance intermedio
020 ## - INTERNATIONAL STANDARD BOOK NUMBER
International Standard Book Number 978-987-01-1906-7
041 ## - LANGUAGE CODE
Language code of text/sound track or separate title spa
100 1# - MAIN ENTRY--PERSONAL NAME
Personal name Orieta, Rosa Mariel
245 10 - TITLE STATEMENT
Title Balances
Name of part/section of a work guía práctica para su presentación
250 ## - EDITION STATEMENT
Edition statement 3a. ed.
264 #1 - PRODUCTION, PUBLICATION, DISTRIBUTION, MANUFACTURE, AND COPYRIGHT NOTICE
Place of production, publication, distribution, manufacture Buenos Aires :
Name of producer, publisher, distributor, manufacturer Errepar
Date of production, publication, distribution, manufacture, or copyright notice 2015
300 ## - PHYSICAL DESCRIPTION
Extent xxii, 382 p.
Dimensions 27 cm.
505 ## - FORMATTED CONTENTS NOTE
Formatted contents note 1. Aspectos conceptuales - 2. Estado de situación patrimonial - 3. Estado de resultados - 4. Estado de evolución del patrimonio neto - 5. Estado de flujo de efectivo - 6. Información complementaria - 7. Memoria - 8. Caso práctico integral - 9. Formalidades de presentación - 10. Entes sin fines de lucro - 11. Cooperativas - 12. Análisis de estados contables - 13. Normas internacionales de contabilidad e información financiera - 14. Balance social - 15. Libros contables y societarios. Formalidades y contenido - 16. Información por segmentos
590 ## - LOCAL NOTE (RLIN)
Local note niveau_biblio:m niveau_hierar:0
856 41 - ELECTRONIC LOCATION AND ACCESS
Uniform Resource Identifier <a href="https://biblioeco.unsa.edu.ar/pmb/images/libros/L126558.jpg">https://biblioeco.unsa.edu.ar/pmb/images/libros/L126558.jpg</a>
Link text Imagen de portada
Electronic format type image/jpeg
942 ## - ADDED ENTRY ELEMENTS (KOHA)
Koha item type
Existencias
Withdrawn status Lost status Damaged status Not for loan Home library Current library Shelving location Date acquired Total checkouts Full call number Barcode Date last seen Price effective from Koha item type Public note
        Biblioteca Prof. Eusebio Cleto del Rey Biblioteca Prof. Eusebio Cleto del Rey   07/04/2026   657.36 O69 3ed. L126558 07/04/2026 07/04/2026 Libro PÁG 11 CON MANCHA
        Biblioteca Prof. Eusebio Cleto del Rey Biblioteca Prof. Eusebio Cleto del Rey   07/04/2026   657.36 O69 3ed. L126559 07/04/2026 07/04/2026 Libro MANCHAS EN PÁGINAS 7 A 10,35 A 42,52,108,142,144,146 - LÁPIZ LEVE - CANTO CON ROJO Y LÁPIZ - ÚLTIMA PÁG PARTIDA
        Biblioteca Prof. Eusebio Cleto del Rey Biblioteca Prof. Eusebio Cleto del Rey   07/04/2026   657.36 O69 3ed. L126560 07/04/2026 07/04/2026 Libro PÁG XIII CON DEFECTOS - PÁG 259 MANCHADA CON FLUOR - ÚLTIMAS HOJAS UN POCO HÚMEDAS - PÁG 53 Y 43 MANCHADAS
        Biblioteca Prof. Eusebio Cleto del Rey Biblioteca Prof. Eusebio Cleto del Rey   07/04/2026   657.36 O69 3ed. L126561 07/04/2026 07/04/2026 Libro LÁPIZ LEVE EN PÁG 107 - PÁG 78 A 89 Y 5 A 10 MANCHADAS